00906 a2200169 45000010006000000050017000060080041000230030015000640400040000790800104001192450083002232640044003063000019003505050332003690410008007011000027007095456120260407155819.0260407a1976 arg spa dAR-UNSa-BCEJYS aAR-UNSa-BCEJYSbspacAR-UNSa-BCEJYS a330.1xCiencia económica. Conceptos fundamentales de teoría económica. Valor. Capital. Fondos10aAnálisis económico y métodos cuantitativospuna aportación didáctica 1aBuenos Aires :bEdiciones Depalmac1976 a424 p.c23 cm. a1. Introducción - 2. Contribuciones en metodología - 3. Contribuciones en teoría económica - 4. Contribuciones en economía matemática - 5. Contribuciones en comercio internacional - 6. Contribuciones en economía de los transportes - 7. Contribuciones en econometría - 8. Contribuciones en política económica aspa1 aDi Marco, Luis Eugenio